| 000 | 00485nam a2200145Ia 4500 | ||
|---|---|---|---|
| 008 | 230917s9999||||xx |||||||||||||| ||und|| | ||
| 040 |
_e98578 _aMAIN |
||
| 041 | _aEnglish | ||
| 082 | _a667.6 I2T | ||
| 100 | _aIndia, Ministry of Science and Technology, Department of sci | ||
| 245 | 0 | _aTechnology evaluation in paint industry: a report prepared under programmes aimed at technological self reliance | |
| 260 |
_aNew Delhi _bGovt of India _c1994 |
||
| 300 | _axv, 272 p. | ||
| 942 | _cBK | ||
| 999 |
_c82103 _d82103 |
||